000 00885nam a22001937a 4500
005 20240806120803.0
010 _aHIN-128131
020 _c1100.00
_a9788190389457
035 _aHN-100477
037 _bDBAD
082 _a398.95442
100 _aकेडिया राजेन्द्र
_969546
245 _aराजस्थानी कहावतों का संसार:
_bजाति , पेशे और जनजातियाँ/
_cराजेंद्र केडिया
250 _a1
260 _aकोलकाता
_bवृंदा प्रकाशन
_c2023
270 _a16, बी, नूरमल लोहिया लेन, कोलकाता
_bकोलकाता
_e700007
300 _a667पृष्ठ.;
_c22सेमी (सजिल्द)
942 _2ddc
_cHN
_h398.95442
_mकेडिया
999 _c204739
_d204739